Spiral / (Record no. 328496)
[ view plain ]
| 000 -LEADER | |
|---|---|
| fixed length control field | 01306cam a2200337 a 4500 |
| 001 - CONTROL NUMBER | |
| control field | 13708283 |
| 003 - CONTROL NUMBER IDENTIFIER | |
| control field | Nust |
| 005 - DATE AND TIME OF LATEST TRANSACTION | |
| control field | 20170410121842.0 |
| 008 - FIXED-LENGTH DATA ELEMENTS--GENERAL INFORMATION | |
| fixed length control field | 040901s2004 nyu 000 1 eng d |
| 010 ## - LIBRARY OF CONGRESS CONTROL NUMBER | |
| LC control number | 2004302226 |
| 020 ## - INTERNATIONAL STANDARD BOOK NUMBER | |
| International Standard Book Number | 9780007240142 |
| 035 ## - SYSTEM CONTROL NUMBER | |
| System control number | (OCoLC)ocm55100170 |
| 040 ## - CATALOGING SOURCE | |
| Original cataloging agency | BRL |
| Transcribing agency | BRL |
| Modifying agency | OCLCQ |
| -- | IXA |
| -- | DLC |
| 041 1# - LANGUAGE CODE | |
| Language code of text/sound track or separate title | eng |
| Language code of original | jpn |
| 042 ## - AUTHENTICATION CODE | |
| Authentication code | lccopycat |
| 050 00 - LIBRARY OF CONGRESS CALL NUMBER | |
| Classification number | PL861.U92716 |
| Item number | R3716 2004 |
| 082 00 - DEWEY DECIMAL CLASSIFICATION NUMBER | |
| Classification number | 895.635 |
| Author Mark | SZU |
| 100 1# - MAIN ENTRY--PERSONAL NAME | |
| Personal name | Suzuki, Kōji, |
| Dates associated with a name | 1957- |
| 240 10 - UNIFORM TITLE | |
| Uniform title | Rasen. |
| Language of a work | English |
| 245 10 - TITLE STATEMENT | |
| Title | Spiral / |
| Statement of responsibility, etc. | Koji Suzuki ; translation, Glynne Wolley. |
| 250 ## - EDITION STATEMENT | |
| Edition statement | 1st American ed. |
| 260 ## - PUBLICATION, DISTRIBUTION, ETC. | |
| Place of publication, distribution, etc. | New York, N.Y. : |
| Name of publisher, distributor, etc. | Vertical, |
| Date of publication, distribution, etc. | 2004. |
| 300 ## - PHYSICAL DESCRIPTION | |
| Extent | 460 p. ; |
| Dimensions | 25 cm. |
| 500 ## - GENERAL NOTE | |
| General note | "Sequel to Ring"--Jacket. |
| 500 ## - GENERAL NOTE | |
| General note | "Originally published in Japan as Rasen ... in 1995"--Added t.p. |
| 700 1# - ADDED ENTRY--PERSONAL NAME | |
| Personal name | Walley, Glynne. |
| 700 1# - ADDED ENTRY--PERSONAL NAME | |
| Personal name | Suzuki, Kōji, |
| Dates associated with a name | 1957- |
| Title of a work | Ringu. |
| Language of a work | English. |
| 856 42 - ELECTRONIC LOCATION AND ACCESS | |
| Materials specified | Contributor biographical information |
| Uniform Resource Identifier | <a href="http://www.loc.gov/catdir/enhancements/fy0806/2004302226-b.html">http://www.loc.gov/catdir/enhancements/fy0806/2004302226-b.html</a> |
| 856 42 - ELECTRONIC LOCATION AND ACCESS | |
| Materials specified | Publisher description |
| Uniform Resource Identifier | <a href="http://www.loc.gov/catdir/enhancements/fy0806/2004302226-d.html">http://www.loc.gov/catdir/enhancements/fy0806/2004302226-d.html</a> |
| 906 ## - LOCAL DATA ELEMENT F, LDF (RLIN) | |
| a | 7 |
| b | cbc |
| c | copycat |
| d | 2 |
| e | ncip |
| f | 20 |
| g | y-gencatlg |
| 942 ## - ADDED ENTRY ELEMENTS (KOHA) | |
| Source of classification or shelving scheme | |
| Koha item type | Book |
| Withdrawn status | Lost status | Source of classification or shelving scheme | Damaged status | Not for loan | Permanent Location | Current Location | Shelving location | Date acquired | Total Checkouts | Full call number | Barcode | Date last seen | Date last checked out | Copy number | Price effective from | Koha item type |
|---|---|---|---|---|---|---|---|---|---|---|---|---|---|---|---|---|
| Central Library (CL) | Central Library (CL) | Fiction | 04/10/2017 | 1 | 895.635 SZU | CL1672 | 01/21/2025 | 12/04/2020 | 1 | 04/10/2017 | Book |
